Score 0/24 Timer 03:00
0 Plays Today
Let me go and face the... Peril % Correct
Knights of the _____ TableRound
97.6%
It's just a _____ woundFlesh
84.3%
But she is a witch. _____ her! _____ her!Burn
79.1%
What makes you think she's a _____?Witch
76.8%
I _____ in your general directionFart
73.5%
Averting our _____, Oh LordEyes
72%
Look, you've got no _____ leftArms
68.8%
So how do you tell whether she is made of _____Wood
68.5%
I seek the _____! I have seen it in this castle.Grail
67.9%
Bravely, bold Sir _____ Robin
67.4%
And your father smelt of _____Elderberries
65%
_____, Sir.Three
62.6%
Let me go and face the... Peril % Correct
Well, she turned me into a _____Newt
61.8%
Your mother was a _____Hamster
59.3%
Rode forth from _____Camelot
57.7%
The _____ may fly south with the sunSwallow
56.8%
One, two, _____!Five
56.2%
Who dance whene'er they're _____Able
51.7%
Build a _____ out of her!Bridge
51.1%
Are you suggesting _____ migrate?Coconuts
46.1%
Well, we did do the _____, and the hat.Nose
38.3%
Oh no! Oh no! Bad, bad _____!Zoot
32.8%
Like those miserable _____, so depressingPsalms
16.2%
Empty headed animal food trough _____Wiper
12.8%

Today's Daily Dose

Remove Ads.
Support Sporcle.
Get the best of Sporcle when you Go Orange. This ad-free experience offers more features, more stats, and more fun while also helping to support Sporcle. Thank you for becoming a member.

You're not logged in!

Compare scores with friends on all Sporcle quizzes.
OR
Log In

Show Comments

Extras

Top Quizzes Today


Score Distribution

Your Account Isn't Verified!

In order to create a playlist on Sporcle, you need to verify the email address you used during registration. Go to your Sporcle Settings to finish the process.

Report this User

Report this user for behavior that violates our Community Guidelines.

Details: